Librairie H. Welter : (Record no. 185159)

MARC details
000 -LEADER
campo de control de longitud fija 00604nam a2200193 i 4500
001 - NÚMERO DE CONTROL
campo de control 185159
003 - IDENTIFICADOR DE NÚMERO DE CONTROL
campo de control ES-MaACL
005 - FECHA Y HORA DE LA ÚLTIMA TRANSACCIÓN
campo de control 20250903084135.0
008 - DATOS DE LONGITUD FIJA--INFORMACIÓN GENERAL
campo de control de longitud fija 160331q1895 fr |||| | fre d
245 00 - MENCIÓN DEL TÍTULO
Título Librairie H. Welter :
Resto del título catalogue nº 84.
260 ## - PUBLICACIÓN, DISTRIBUCIÓN, ETC.
Lugar de publicación, distribución, etc. Paris :
Nombre del editor, distribuidor, etc. H. Welter,
Fecha de publicación, distribución, etc. [ca. 1895]
300 ## - DESCRIPCIÓN FÍSICA
Extensión 122 p. ;
Dimensiones 24 cm.
610 24 - PUNTO DE ACCESO ADICIONAL DE MATERIA--NOMBRE DE ENTIDAD CORPORATIVA
Nombre de entidad corporativa o nombre de jurisdicción como elemento de entrada Librairie H. Welter-
Subdivisión de forma Catálogos.
9 (RLIN) 159257
650 #4 - PUNTO DE ACCESO ADICIONAL DE MATERIA--TÉRMINO DE MATERIA
Término de materia o nombre geográfico como elemento de entrada Catálogos de editores-
Subdivisión geográfica Francia
9 (RLIN) 12068
650 #4 - PUNTO DE ACCESO ADICIONAL DE MATERIA--TÉRMINO DE MATERIA
Término de materia o nombre geográfico como elemento de entrada Libros-
Subdivisión de forma Catálogos comerciales.
9 (RLIN) 159004
710 2# - ENTRADA AGREGADA--NOMBRE DE ENTIDAD CORPORATIVA
Nombre de entidad corporativa o nombre de jurisdicción como elemento de entrada Librairie H. Welter.
9 (RLIN) 159255
852 4# - LOCALIZACIÓN
Ubicación ES-MaACL
Número de control de estantería T-967-F-4
Holdings
Estatus retirado Estado de pérdida Estado de daño No para préstamo Colección Biblioteca de origen Biblioteca actual Ubicación en estantería Fecha de adquisición Fuente de adquisición Total de préstamos Signatura topográfica completa Código de barras Visto por última vez Precio de reemplazo Tipo de ítem Koha
        Colección de folletos Biblioteca del Ateneo de Madrid Biblioteca del Ateneo de Madrid Depósito folletos 31/03/2016     T-967-F-4 1195039 23/02/2023 23/02/2023 Folleto